Tiểu thuyết đường rừng

সংরক্ষণ করুন:
গ্রন্থ-পঞ্জীর বিবরন
প্রধান লেখক: Vũ, Hạnh
বিন্যাস: গ্রন্থ
ভাষা:Undetermined
প্রকাশিত: Hà Nội Văn học 2007
বিষয়গুলি:
ট্যাগগুলো: ট্যাগ যুক্ত করুন
কোনো ট্যাগ নেই, প্রথমজন হিসাবে ট্যাগ করুন!
Thư viện lưu trữ: Trung tâm Học liệu Trường Đại học Cần Thơ
LEADER 00507nam a2200193Ia 4500
001 CTU_127889
008 210402s9999 xx 000 0 und d
020 |c 58000 
082 |a 895.9223 
082 |b H107 
100 |a Vũ, Hạnh 
245 0 |a Tiểu thuyết đường rừng 
245 0 |c Vũ Hạnh 
260 |a Hà Nội 
260 |b Văn học 
260 |c 2007 
650 |a Vietnamese fiction 
904 |i Tuyến 
980 |a Trung tâm Học liệu Trường Đại học Cần Thơ